Commercial energy assessor's handbook (Record no. 110254)

MARC details
000 -LEADER
fixed length control field 01526cam a22003015a 4500
001 - CONTROL NUMBER
control field E148834
008 - FIXED-LENGTH DATA ELEMENTS--GENERAL INFORMATION
fixed length control field 091112s2010 xxk f 000 0 eng d
020 ## - INTERNATIONAL STANDARD BOOK NUMBER
International Standard Book Number 9781842195345
035 ## - SYSTEM CONTROL NUMBER
System control number (Sirsi) u148834
041 0# - LANGUAGE CODE
Language code of text/sound track or separate title eng
050 04 - LIBRARY OF CONGRESS CALL NUMBER
Classification number 333.72 $2 18
100 1# - MAIN ENTRY--PERSONAL NAME
Personal name Russen, Larry
245 00 - TITLE STATEMENT
Title Commercial energy assessor's handbook
260 ## - PUBLICATION, DISTRIBUTION, ETC.
Place of publication, distribution, etc. Coventry
Name of publisher, distributor, etc. RICS
-- 2009
300 ## - PHYSICAL DESCRIPTION
Extent xv, 308p.
Other physical details ill.
Dimensions 30cm.
350 ## - PRICE (NR) (BK AM CF MU VM SE) [OBSOLETE]
Price 45
505 2# - FORMATTED CONTENTS NOTE
Formatted contents note The commercial energy assessor and legislative background -- Getting ready for business -- Preparing for the commercial energy assessment -- Energy and construction core knowledge and recognition -- Heating and hot water services core knowledge and recognition -- Ventilation and air conditioning core knowledge and recognition -- Lighting core knowledge and recognition -- Inspection and reflection methodologies for existing buildings -- Data entry into the program -- Ratings, recommendations and reporting -- Appendices
520 ## - SUMMARY, ETC.
Summary, etc. Focuses on the knowledge, understanding and competance required for the National Occupational Standards level 3 and 4 non-domestic energy assessors. Provides step-by-step guidance, and includes case studies and photographs.
521 ## - TARGET AUDIENCE NOTE
Target audience note Advanced
590 ## - LOCAL NOTE (RLIN)
Local note KA
650 24 - SUBJECT ADDED ENTRY--TOPICAL TERM
Topical term or geographic name entry element COMMERCIAL ENERGY PERFORMANCE CERTIFICATES
651 #4 - SUBJECT ADDED ENTRY--GEOGRAPHIC NAME
Geographic name England and Wales
Chronological subdivision 1543-
690 ## - LOCAL SUBJECT ADDED ENTRY--TOPICAL TERM (OCLC, RLIN)
Topical term or geographic name as entry element ENVIRONMENTAL AND LAND CONSULTANCY-ENERGY-ENERGY USE-ENERGY EFFICIENCY
700 1# - ADDED ENTRY--PERSONAL NAME
Personal name Neale, Stephen
700 1# - ADDED ENTRY--PERSONAL NAME
Personal name Rees, Simon
942 ## - ADDED ENTRY ELEMENTS (KOHA)
Suppress in OPAC 0
Holdings
Withdrawn status Lost status Source of classification or shelving scheme Damaged status Not for loan Home library Current library Shelving location Date acquired Total Checkouts Full call number Barcode Date last seen Copy number Price effective from Koha item type Date last checked out
    Dewey Decimal Classification     London London RICS Boxes 18/03/2010   RICS 2010/3 30075394 06/08/2019 1 06/08/2019 Archive  
    Dewey Decimal Classification     London London Books 18/03/2010 1 F333.72 RUS 30075391 06/08/2019 3 06/08/2019 Book 04/05/2010